| 000 | 02154cam a22005894i 4500 | ||
|---|---|---|---|
| 003 | PE-LiUPU | ||
| 005 | 20250731170417.0 | ||
| 008 | 150623s1999 sp a r 000 0 spa d | ||
| 020 | _a8477384959 | ||
| 020 | _a9788477384953 | ||
| 035 | _a(Sirsi) i9788477384953 | ||
| 040 |
_aPE-LiUPU _bspa _cPE-LiUPU _dPE-LiUPU _erda |
||
| 049 | _aPRUA | ||
| 082 | 0 | 4 |
_a150.008 _bB _221 |
| 245 | 0 | 0 |
_aFarmacología de la conducta : _bmanual básico para psicoterapeutas y clínicos / _cGregorio Gómez-Jarabo (editor). |
| 264 | 1 |
_aMadrid : _bSíntesis, _c1999. |
|
| 300 |
_a543 páginas : _bilustraciones ; _c23 centímetros. |
||
| 336 |
_atext _2rdacontent |
||
| 337 |
_aunmediated _2rdamedia |
||
| 338 |
_avolume _2rdacarrier |
||
| 490 | 0 |
_aSíntesis Psicología. Psicobiología ; _v5 |
|
| 505 | 0 | _aAspectos conceptuales: situación actual -- Aspectos psicobiológicos e implicación del sistema nervioso ante la administración de fármacos y drogas -- Psicofarmacología básica -- Alcohol y alcoholismo -- Ansiolíticos -- Agentes antipsicóticos (neurolépticos) -- Psicofarmacología práctica. | |
| 526 | _aSEG68 | ||
| 526 | _aSEG70 | ||
| 526 | _aSEG69 | ||
| 526 | _aSEG67 | ||
| 526 | _aSEG43 | ||
| 526 | _aP144 | ||
| 526 | _aP143 | ||
| 526 | _aP131 | ||
| 526 | _aP122 | ||
| 526 | _aP120 | ||
| 526 | _aP117 | ||
| 526 | _aP112 | ||
| 526 | _aP110 | ||
| 526 | _aP106 | ||
| 526 | _aP101 | ||
| 526 | _aP80 | ||
| 526 | _aP59 | ||
| 526 | _aP54 | ||
| 526 | _aP35 | ||
| 526 | _aP33 | ||
| 526 | _aP30 | ||
| 650 | 0 | 4 |
_aPsicofarmacología _vTratados, manuales, etc. |
| 700 | 1 |
_aGómez-Jarabo, Gregorio, _eeditor. |
|
| 942 |
_2ddc _cBOOK |
||
| 949 |
_a150.008 B _wDEWEY _c1 _i46983 _d2016-5-30 _e2016-5-27 _lCCODEBUL1 _mBUL _n2 _r0 _sY _tBOOK _u2015-6-24 _xSALUD _zUNKNOWN _0COMPRA _o.STAFF. Colección Ciencias de la Salud |
||
| 994 |
_aC0 _bPEPRU |
||
| 596 | _a1 | ||
| 999 |
_a150.008 B _wDEWEY _c23577 _i46983 _d23577 _e2018-9-7 _f2021-11-3 _g5 _lCCODEBUL1 _mBUL _n3 _p45.00 _r0 _sY _tBOOK _u2015-6-24 _xSALUD _zUNKNOWN _0COMPRA _o.STAFF. Colección Ciencias de la Salud |
||
| 980 |
_81 _gALBERTO SANCHEZ Responsable de Automatización |
||